000 00777nam a22002177a 4500
003 OSt
005 20210202090742.0
008 210202b ||||| |||| 00| 0 eng d
020 _a9789945592283
040 _aDO-SdBNP
_bspa
_cBNPHU
082 _axxx
_bT233m
100 1 0 _aTaveras Guzmàn, Antonio
_977721
245 _aMañana seremos gente :
_bmemorias del camino /
_cAntonio Taveras Guzmàn ; colaboraciòn editorial Gabriela Rad ; ilustraciones Ramòn L. Sandoval
260 _aSanto Domingo :
_bMediáticos SRL,
_c2020
300 _a118 p. :
_bil. ;
_c24 cm
590 _aInventariado, 2021, DG
700 _aRad, Gabriela
_eColaboraciòn editorial
_977722
700 _aSandoval, Ramòn L.
_eIlustraciones
_929585
910 _aInventariado, 2021 / DG
942 _2ddc
_cLBS1
999 _c49349
_d49349